000 01031cab a22001935a 4500
001 L139938
008 070821s2007 xxkd f s 000 0 eng d
035 _a(Sirsi) u139938
041 0 _aeng
100 1 _aPatterson, Alan
245 0 0 _aOffice sector holds firm among the negative headlines
260 _c2007
490 0 _aProperty Forecast
_vJuly 2007, 4-5(2)
520 _aReports that there is some evidence of a slowdown in the commercial property market. Poorer short term prospects are evident in the retail sector, where IPD figures show that capital value growth (0.5%) is significantly lower that rental value growth (1.9%). In addition, the property equity sector has negatively responded to factors other than property. However, the fundamentals in the office sector remain good, with strong rental value growth (8.5% quarter to June, annualised) and capital value growth (8.9%).
590 _aKA
651 4 _aUnited Kingdom
_y
690 _aPROPERTY-COMMERCIAL PROPERTY-COMMERCIAL PROPERTY MARKET
942 _n0
999 _c79138
_d79138